Capitals of Yugoslav Socialist Republics - Statistics

General Stats
  • This quiz has been taken 438 times
  • The average score is 6 of 6
Answer Stats
Republic Capital % Correct
Socialist Republic of Serbia Belgrade
99%
Socialist Republic of Bosnia and Herzegovina Sarajevo
97%
Socialist Republic of Croatia Zagreb
97%
Socialist Republic of Macedonia Skopje
92%
Socialist Republic of Slovenia Ljubljana
91%
Socialist Republic of Montenegro Titograd
88%
No matching quizzes found
Score Distribution
Percent of People with Each Score
Percentile by Number Answered
Your Score History
You have not taken this quiz